Časopis pro moderní filologii

Bibliographic Details
Other Authors: Povejšil, Jaromír, 1931- (Publishing director), Klégr, Aleš, 1951- (Publishing director)
Format: Journal
Language:Czech
English
German
PhysicalDescription:zv. 23 cm
Published: Praha Academia 1911-
Praha Ústav pro jazyk český Akademie věd České republiky
Praha Klub moderních filologů
ISSN:0008-7386
Subjects:
Online Access:http://www.ujc.cas.cz/oddeleni/index.php?page=modfil

MARC

LEADER 00000cas a2200000 a 4500
001 vtls008880805
003 SK-MaSNL
005 20260228161429.0
008 000610c19119999xr fr p 0 0 b0cze d
022 |a 0008-7386  |z 0862-8459 
035 |a (SVKBB03)vtls000047441 
040 |a SVKBB  |b slo  |c SVKBB  |d SAVUK  |d SNK  |e AACR2 
041 0 |a cze  |a eng  |a ger 
072 7 |a 80  |x Filológia  |2 konspekt 
072 7 |a 81  |x Lingvistika. Jazyky  |2 konspekt 
080 |a 80  |2 2011 
080 |a 81'1  |2 2011 
080 |a 001(051)  |2 2011 
080 |a 050  |2 2011 
210 0 |a Čas. mod. filol. 
222 0 |a Časopis pro moderní filologii 
245 0 0 |a Časopis pro moderní filologii 
246 3 3 |a Časopis pro moderní filologii a literatury  |f 1913-1929 
246 3 3 |a Časopis pro moderní filologii s částí didaktickou 
260 2 |3 19??-1993  |a Praha  |b Academia 
260 3 |3 1994-  |a Praha  |b Ústav pro jazyk český Akademie věd České republiky 
260 |a Praha  |b Klub moderních filologů  |c 1911- 
300 |a zv.  |c 23 cm 
310 |a 2x ročne  |b 1991- 
321 |a 4x ročne  |b 1911-1990 
362 0 |a Roč. 1 (1911)-roč. 28 (1941/42) ; roč. 29 (1946)- 
500 |a V r. 1972-1990 vychádza Časopis pro moderní filologii ako česká príloha čas. Philologica pragensia 
500 |a Hlavný redaktor: ?-2008, Jaromír Povejšil ; 2009- , Aleš Klégr 
500 |a Starší názov: Časopis pro moderní filologii s částí didaktickou 
546 |a Text aj v angl., nem. 
555 |a Obsah ročníkov 73-76 (1991-1994) v č. 2/1994 
555 |a Obsah ročníkov 82-87 (2000-2005) v č. 2/2005 
650 0 7 |a filológia  |2 SNKPH  |9 861 
650 0 7 |a lingvistika  |2 SNKPH  |9 860 
655 7 |a vedecké časopisy  |2 SNKPH  |9 70520 
700 1 |a Povejšil, Jaromír,  |d 1931-  |4 pbd  |9 150941 
700 1 |a Klégr, Aleš,  |d 1951-  |4 pbd  |9 99664 
710 2 |a Akademie věd České republiky.  |b Ústav pro jazyk český  |4 pbl  |9 227408 
710 2 |a Československá akademie věd (Praha, Česko)  |b Ústav jazyků a literatur  |4 pbl  |9 268613 
772 0 |t Philologica Pragensia  |x 0048-3885 
852 |a Štátna vedecká knižnica v Banskej Bystrici 
856 4 1 |u http://www.ujc.cas.cz/oddeleni/index.php?page=modfil 
910 |a savuk 
910 |a snk 
999 |c 5342  |d 7272 
952 |0 0  |1 1  |4 0  |7 0  |a SNK  |b SNK  |d 1998-05-06  |l 0  |o snkČC 1474/74/1992  |p 17A0137754  |r 2005-01-02 00:00:00  |w 2026-02-21  |y PREZ 
952 |0 0  |1 1  |4 0  |7 0  |8 2  |a SNK  |b SNK  |d 2004-03-17  |i snkČV 106/2001  |l 0  |o snkČC 1474/75/1993  |p 17A0419761  |r 2005-01-02 00:00:00  |w 2026-02-21  |y PREZ 
952 |0 0  |1 1  |4 0  |7 0  |a SNK  |b SNK  |d 2003-05-05  |i snkČIP 1111/93  |l 0  |o snkČC 1474/73/1991  |p 17A0381772  |r 2005-01-02 00:00:00  |t č. 1-2  |w 2026-02-21  |y PREZ 
952 |0 0  |1 1  |4 0  |7 0  |8 3  |a SNK  |b SNK  |d 2003-05-05  |i snkČZK 2767/2000  |l 0  |o snkČC 1474/76/1994  |p 17A0381400  |r 2005-01-02 00:00:00  |t č. 1-2  |w 2026-02-21  |y PREZ